Innamoramento e amore /

Guardat en:
Dades bibliogràfiques
Autor principal: Alberoni, Francesco
Format: Llibre
Idioma:anglès
Publicat: Milano Garzanti 1979
Edició:2. ed.
Matèries:
Etiquetes: Afegir etiqueta
Sense etiquetes, Sigues el primer a etiquetar aquest registre!

MARC

LEADER 00000nam a2200000 4500
001 CDOM0000005616
003 mi
005 20250912194601.0
008 250912b |||||||| |||| 00| 0 eng d
040 |c mi 
100 |a Alberoni, Francesco 
245 1 |a Innamoramento e amore /  |c Francesco Alberoni 
250 |a 2. ed. 
260 |a Milano  |b Garzanti  |c 1979 
300 |a 147 p.  |c 21 cm. 
410 0 |a Saggi blu 
610 |a Amore - Aspetti socio-culturali 
942 |2 ddc  |c BK 
952 |0 0  |1 0  |2 ddc  |4 0  |6 B_SSA03ALBFRINN11  |7 0  |9 7907  |a MI  |b MI  |d 2013-11-04  |i 6575  |l 0  |o B-SSA03-ALBFR-INN11  |p CDOM6575  |r 2025-07-13 16:28:00  |w 2025-07-13  |x DONO  |y BK 
999 |c 6576  |d 6576